Bulletin pre cestovný ruch

Salvato in:
Dettagli Bibliografici
Natura: Periodico
Lingua:slovacco
Pubblicazione: Bratislava Ministerstvo hospodárstva SR 2003
Soggetti:
Tags: Aggiungi Tag
Nessun Tag, puoi essere il primo ad aggiungerne!!

MARC

LEADER 00000nas2a2200000 4500
001 0056814
005 20070509111250.7
041 0 |a slo 
044 |a SK 
245 1 0 |a Bulletin pre cestovný ruch 
264 1 |a Bratislava  |b Ministerstvo hospodárstva SR  |c 2003 
773 0 |w eu_un_cat*s121226 
610 2 0 |a ruch cestovný 
610 2 0 |a ruch cestovný domáci